[Event "T-Director's Swiss sytem"]
[Site "playchess.com #662980"]
[Date "2014.03.16"]
[Round "3"]
[White "Martilvov"]
[Black "Hermann53"]
[Result "1-0"]
[WhiteElo "1713"]
[BlackElo "869"]
[PlyCount "53"]
[EventDate "2014.03.16"]
[EventType "swiss (blitz)"]

1. d4 {[%emt 0:00:02]} e6 {[%emt 0:00:01]} 2. Nf3 {[%emt 0:00:03]} Nf6 {[%emt
0:00:02]} 3. c4 {[%emt 0:00:04]} Ne4 {[%emt 0:00:03]} 4. Nc3 {[%emt 0:00:07]}
Nxf2 {[%emt 0:00:02]} 5. Kxf2 {[%emt 0:00:05]} d5 {[%emt 0:00:02]} 6. g3 {
[%emt 0:00:11]} Nc6 {[%emt 0:00:04]} 7. cxd5 {[%emt 0:00:09]} exd5 {[%emt 0:00:
03]} 8. Qb3 {[%emt 0:00:03]} Bb4 {[%emt 0:00:13]} 9. Nxd5 {[%emt 0:00:10]} Be1+
{[%emt 0:00:15]} 10. Kxe1 {[%emt 0:00:08]} Qd6 {[%emt 0:00:03]} 11. e4 {[%emt
0:00:05]} Nb4 {[%emt 0:00:03]} 12. Bf4 {[%emt 0:00:09]} Nc2+ {[%emt 0:00:12]}
13. Qxc2 {[%emt 0:00:03]} Qb4+ {[%emt 0:00:02]} 14. Nxb4 {[%emt 0:00:03]} O-O {
[%emt 0:00:06]} 15. Bd3 {[%emt 0:00:03]} Bg4 {[%emt 0:00:02]} 16. Nd2 {[%emt 0:
00:33]} Rad8 {[%emt 0:00:11]} 17. d5 {[%emt 0:00:03]} c6 {[%emt 0:00:03]} 18.
d6 {[%emt 0:00:02]} Rxd6 {[%emt 0:00:08]} 19. Bxd6 {[%emt 0:00:05]} Rd8 {[%emt
0:00:03]} 20. e5 {[%emt 0:00:07]} f6 {[%emt 0:00:03]} 21. Bxh7+ {[%emt 0:00:03]
} Kf7 {[%emt 0:00:02]} 22. Qg6+ {[%emt 0:00:03]} Ke6 {[%emt 0:00:02]} 23. Qxg4+
{[%emt 0:00:12]} Kf7 {[%emt 0:00:04]} 24. Bg6+ {[%emt 0:00:09]} Kg8 {[%emt 0:
00:11]} 25. Qh5 {[%emt 0:00:06]} Rxd6 {[%emt 0:00:42]} 26. exd6 {[%emt 0:00:03]
} Kf8 {[%emt 0:00:02]} 27. Qh8# {[%emt 0:00:04]} 1-0

[Event "T-Director's Swiss sytem"]
[Site "playchess.com #662980"]
[Date "2014.03.16"]
[Round "7"]
[White "Martilvov"]
[Black "Kingston Town"]
[Result "1-0"]
[WhiteElo "1854"]
[BlackElo "2054"]
[PlyCount "77"]
[EventDate "2014.03.16"]
[EventType "swiss (blitz)"]

1. d4 {[%emt 0:00:02]} Nf6 {[%emt 0:00:02]} 2. Nf3 {[%emt 0:00:02]} g6 {[%emt
0:00:00]} 3. c4 {[%emt 0:00:01]} Bg7 {[%emt 0:00:14]} 4. g3 {[%emt 0:00:02]}
O-O {[%emt 0:00:02]} 5. Bg2 {[%emt 0:00:11]} d6 {[%emt 0:00:00]} 6. O-O {[%emt
0:00:05]} Nc6 {[%emt 0:00:00]} 7. Nc3 {[%emt 0:00:06]} Rb8 {[%emt 0:00:02]} 8.
Bf4 {[%emt 0:00:15]} a6 {[%emt 0:00:06]} 9. d5 {[%emt 0:00:12]} Na5 {[%emt 0:
00:03]} 10. b3 {[%emt 0:00:06]} c5 {[%emt 0:00:05]} 11. Rc1 {[%emt 0:00:16]} b5
{[%emt 0:00:02]} 12. Qd3 {[%emt 0:00:06]} bxc4 {[%emt 0:00:48]} 13. bxc4 {
[%emt 0:00:03]} Nd7 {[%emt 0:00:25]} 14. e4 {[%emt 0:01:03]} Rb4 {[%emt 0:00:
38]} 15. Nd2 {[%emt 0:00:03]} Ne5 {[%emt 0:00:03]} 16. Bxe5 {[%emt 0:00:08]}
Bxe5 {[%emt 0:00:00]} 17. a3 {[%emt 0:00:10]} Rb7 {[%emt 0:00:06]} 18. Nf3 {
[%emt 0:00:09]} Bf6 {[%emt 0:00:05]} 19. e5 {[%emt 0:00:09]} Bg7 {[%emt 0:00:
02]} 20. e6 {[%emt 0:00:07]} fxe6 {[%emt 0:00:03]} 21. dxe6 {[%emt 0:00:02]}
Bxe6 {[%emt 0:00:01]} 22. Ng5 {[%emt 0:00:09]} Bxc4 {[%emt 0:00:19]} 23. Bd5+ {
[%emt 0:00:03]} Bxd5 {[%emt 0:00:05]} 24. Qxd5+ {[%emt 0:00:00]} Kh8 {[%emt 0:
00:01]} 25. Nf7+ {[%emt 0:00:03]} Rxf7 {[%emt 0:00:04]} 26. Qxf7 {[%emt 0:00:
00]} Nc6 {[%emt 0:00:14]} 27. Qf3 {[%emt 0:00:17]} Qd7 {[%emt 0:00:07]} 28. Rb1
{[%emt 0:00:06]} Rc7 {[%emt 0:00:13]} 29. Nd5 {[%emt 0:00:06]} Rb7 {[%emt 0:00:
07]} 30. Rxb7 {[%emt 0:00:07]} Qxb7 {[%emt 0:00:00]} 31. Nxe7 {[%emt 0:00:03]}
Qxe7 {[%emt 0:00:04]} 32. Qxc6 {[%emt 0:00:02]} Bd4 {[%emt 0:00:02]} 33. Qxa6 {
[%emt 0:00:06]} Kg7 {[%emt 0:00:04]} 34. Qb5 {[%emt 0:00:05]} d5 {[%emt 0:00:
16]} 35. a4 {[%emt 0:00:08]} h5 {[%emt 0:00:12]} 36. a5 {[%emt 0:00:08]} h4 {
[%emt 0:00:01]} 37. a6 {[%emt 0:00:05]} Qe4 {[%emt 0:00:13]} 38. a7 {[%emt 0:
00:08]} h3 {[%emt 0:00:07]} 39. Qd7+ {[%emt 0:00:12] Kingston Town resigns} 1-0

[Event "T-Director's Swiss sytem"]
[Site "playchess.com #662980"]
[Date "2014.03.16"]
[Round "8"]
[White "Martilvov"]
[Black "Orgoi"]
[Result "1-0"]
[WhiteElo "1947"]
[BlackElo "2107"]
[PlyCount "35"]
[EventDate "2014.03.16"]
[EventType "swiss (blitz)"]

1. d4 {[%emt 0:00:02]} Nf6 {[%emt 0:00:02]} 2. Nf3 {[%emt 0:00:00]} g6 {[%emt
0:00:02]} 3. c4 {[%emt 0:00:03]} Bg7 {[%emt 0:00:02]} 4. g3 {[%emt 0:00:02]}
O-O {[%emt 0:00:02]} 5. Bg2 {[%emt 0:00:02]} d6 {[%emt 0:00:01]} 6. O-O {[%emt
0:00:03]} Nc6 {[%emt 0:00:03]} 7. Nc3 {[%emt 0:00:03]} a6 {[%emt 0:00:02]} 8.
Bf4 {[%emt 0:00:03]} Rb8 {[%emt 0:00:02]} 9. Rc1 {[%emt 0:01:21]} Na5 {[%emt 0:
00:05]} 10. b3 {[%emt 0:00:02]} b5 {[%emt 0:00:16]} 11. cxb5 {[%emt 0:00:02]}
axb5 {[%emt 0:00:05]} 12. Qd3 {[%emt 0:00:20]} b4 {[%emt 0:00:10]} 13. Ne4 {
[%emt 0:00:07]} Nd5 {[%emt 0:00:13]} 14. Bd2 {[%emt 0:00:03]} c6 {[%emt 0:00:
05]} 15. Rfd1 {[%emt 0:00:09]} Qb6 {[%emt 0:00:02]} 16. Neg5 {[%emt 0:00:10]}
h6 {[%emt 0:00:14]} 17. e4 {[%emt 0:00:08]} hxg5 {[%emt 0:00:37]} 18. exd5 {
[%emt 0:00:05] Arbiter Decision (Disconnect), 2} 1-0

[Event "T-Director's Swiss sytem"]
[Site "playchess.com #662980"]
[Date "2014.03.16"]
[Round "6"]
[White "MatildaAB"]
[Black "Alphabeta"]
[Result "1-0"]
[WhiteElo "2084"]
[BlackElo "1750"]
[PlyCount "101"]
[EventDate "2014.03.16"]
[EventType "swiss (blitz)"]

1. e4 {[%emt 0:00:03]} c5 {[%emt 0:00:02]} 2. Nc3 {[%emt 0:00:02]} Nc6 {[%emt
0:00:02]} 3. f4 {[%emt 0:00:01]} g6 {[%emt 0:00:02]} 4. Nf3 {[%emt 0:00:01]}
Bg7 {[%emt 0:00:01]} 5. Bb5 {[%emt 0:00:01]} Nd4 {[%emt 0:00:01]} 6. O-O {
[%emt 0:00:01]} a6 {[%emt 0:00:05]} 7. Bc4 {[%emt 0:00:02]} e6 {[%emt 0:00:01]}
8. d3 {[%emt 0:00:02]} b5 {[%emt 0:00:03]} 9. Bb3 {[%emt 0:00:01]} Ne7 {[%emt
0:00:01]} 10. Nxd4 {[%emt 0:00:04]} cxd4 {[%emt 0:00:01]} 11. Ne2 {[%emt 0:00:
01]} O-O {[%emt 0:00:02]} 12. Qe1 {[%emt 0:00:03]} d5 {[%emt 0:00:07]} 13. e5 {
[%emt 0:00:08]} Qb6 {[%emt 0:00:03]} 14. Bd2 {[%emt 0:00:05]} Nf5 {[%emt 0:00:
03]} 15. g4 {[%emt 0:00:25]} Ne3 {[%emt 0:00:01]} 16. Bxe3 {[%emt 0:00:02]}
dxe3 {[%emt 0:00:00]} 17. d4 {[%emt 0:00:01]} Bd7 {[%emt 0:00:11]} 18. Qg3 {
[%emt 0:00:08]} f6 {[%emt 0:00:06]} 19. Qxe3 {[%emt 0:00:08]} fxe5 {[%emt 0:00:
01]} 20. fxe5 {[%emt 0:00:02]} a5 {[%emt 0:00:12]} 21. c3 {[%emt 0:00:05]} b4 {
[%emt 0:00:03]} 22. Rab1 {[%emt 0:00:27]} a4 {[%emt 0:00:08]} 23. Bc2 {[%emt 0:
00:03]} Rxf1+ {[%emt 0:00:07]} 24. Kxf1 {[%emt 0:00:17]} Rf8+ {[%emt 0:00:15]}
25. Kg2 {[%emt 0:00:02]} b3 {[%emt 0:00:10]} 26. axb3 {[%emt 0:00:03]} axb3 {
[%emt 0:00:01]} 27. Bd3 {[%emt 0:00:02]} Qa5 {[%emt 0:00:01]} 28. Rf1 {[%emt 0:
00:09]} Rxf1 {[%emt 0:00:13]} 29. Kxf1 {[%emt 0:00:02]} Bb5 {[%emt 0:00:13]}
30. Bxb5 {[%emt 0:00:05]} Qxb5 {[%emt 0:00:00]} 31. Kg2 {[%emt 0:00:05]} Bf8 {
[%emt 0:00:06]} 32. Nc1 {[%emt 0:00:06]} Ba3 {[%emt 0:00:06]} 33. Qd3 {[%emt 0:
00:13]} Qxd3 {[%emt 0:00:08]} 34. Nxd3 {[%emt 0:00:01]} Be7 {[%emt 0:00:03]}
35. Kf3 {[%emt 0:00:14]} Bg5 {[%emt 0:00:02]} 36. Ke2 {[%emt 0:00:08]} h5 {
[%emt 0:00:03]} 37. h3 {[%emt 0:00:04]} Kf7 {[%emt 0:00:02]} 38. Kd1 {[%emt 0:
00:12]} Be3 {[%emt 0:00:06]} 39. Nc5 {[%emt 0:00:03]} hxg4 {[%emt 0:00:04]} 40.
hxg4 {[%emt 0:00:02]} Kg7 {[%emt 0:00:01]} 41. Nxe6+ {[%emt 0:00:06]} Kh6 {
[%emt 0:00:02]} 42. Nc5 {[%emt 0:00:08]} Kg5 {[%emt 0:00:02]} 43. e6 {[%emt 0:
00:04]} Kf6 {[%emt 0:00:04]} 44. Nxb3 {[%emt 0:00:05]} Kxe6 {[%emt 0:00:02]}
45. Ke2 {[%emt 0:00:04]} Bh6 {[%emt 0:00:03]} 46. Kf3 {[%emt 0:00:02]} Bf8 {
[%emt 0:00:06]} 47. Nc5+ {[%emt 0:00:04]} Kd6 {[%emt 0:00:02]} 48. b4 {[%emt 0:
00:02]} Kc6 {[%emt 0:00:01]} 49. Kf4 {[%emt 0:00:04]} Be7 {[%emt 0:00:04]} 50.
Ke5 {[%emt 0:00:03]} Kb5 {[%emt 0:00:01]} 51. Kxd5 {[%emt 0:00:01] Alphabeta
abbandona} 1-0

[Event "T-Director's Swiss sytem"]
[Site "playchess.com #662980"]
[Date "2014.03.16"]
[Round "4"]
[White "MatildaAB"]
[Black "Hühnersuppe"]
[Result "1/2-1/2"]
[WhiteElo "2100"]
[BlackElo "1819"]
[PlyCount "155"]
[EventDate "2014.03.16"]
[EventType "swiss (blitz)"]

1. e4 {[%emt 0:00:01]} e6 {[%emt 0:00:04]} 2. d4 {[%emt 0:00:01]} d5 {[%emt 0:
00:01]} 3. Nc3 {[%emt 0:00:01]} dxe4 {[%emt 0:00:02]} 4. Nxe4 {[%emt 0:00:01]}
Nd7 {[%emt 0:00:01]} 5. Nf3 {[%emt 0:00:03]} Ngf6 {[%emt 0:00:02]} 6. Nxf6+ {
[%emt 0:00:09]} Nxf6 {[%emt 0:00:02]} 7. Bd3 {[%emt 0:00:02]} Be7 {[%emt 0:00:
03]} 8. O-O {[%emt 0:00:02]} O-O {[%emt 0:00:01]} 9. c4 {[%emt 0:00:04]} b6 {
[%emt 0:00:02]} 10. b3 {[%emt 0:00:05]} Bb7 {[%emt 0:00:01]} 11. Bb2 {[%emt 0:
00:02]} c5 {[%emt 0:00:14]} 12. dxc5 {[%emt 0:00:10]} bxc5 {[%emt 0:00:05]} 13.
Qe2 {[%emt 0:00:07]} a5 {[%emt 0:00:39]} 14. Rad1 {[%emt 0:00:05]} Qb6 {[%emt
0:00:08]} 15. Ne5 {[%emt 0:00:27]} Rfd8 {[%emt 0:00:28]} 16. Qc2 {[%emt 0:00:
09]} h6 {[%emt 0:00:14]} 17. Qc3 {[%emt 0:00:07]} a4 {[%emt 0:00:03]} 18. Ng4 {
[%emt 0:00:08]} axb3 {[%emt 0:00:20]} 19. axb3 {[%emt 0:00:03]} Rd4 {[%emt 0:
00:09]} 20. Nxf6+ {[%emt 0:00:14]} Bxf6 {[%emt 0:00:02]} 21. Qc1 {[%emt 0:00:
05]} Rg4 {[%emt 0:00:24]} 22. f3 {[%emt 0:00:14]} Bxb2 {[%emt 0:00:04]} 23.
Qxb2 {[%emt 0:00:04]} Rd4 {[%emt 0:00:07]} 24. Bc2 {[%emt 0:00:06]} Rad8 {
[%emt 0:00:09]} 25. Kh1 {[%emt 0:00:06]} Qc7 {[%emt 0:00:21]} 26. Rxd4 {[%emt
0:00:05]} Rxd4 {[%emt 0:00:05]} 27. Rd1 {[%emt 0:00:05]} e5 {[%emt 0:00:26]}
28. Rxd4 {[%emt 0:00:13]} exd4 {[%emt 0:00:04]} 29. Bd3 {[%emt 0:00:01]} Qe5 {
[%emt 0:00:06]} 30. Qe2 {[%emt 0:00:03]} f6 {[%emt 0:00:27]} 31. Kg1 {[%emt 0:
00:09]} Kf7 {[%emt 0:00:13]} 32. g3 {[%emt 0:00:05]} Qxe2 {[%emt 0:00:13]} 33.
Bxe2 {[%emt 0:00:02]} Ke6 {[%emt 0:00:10]} 34. Kf2 {[%emt 0:00:02]} g5 {[%emt
0:00:05]} 35. Bd3 {[%emt 0:00:11]} Ke5 {[%emt 0:00:04]} 36. Ke2 {[%emt 0:00:06]
} f5 {[%emt 0:00:03]} 37. Kf2 {[%emt 0:00:04]} f4 {[%emt 0:00:02]} 38. g4 {
[%emt 0:00:04]} Bc6 {[%emt 0:00:06]} 39. Bf5 {[%emt 0:00:03]} Bb7 {[%emt 0:00:
10]} 40. Ke2 {[%emt 0:00:04]} Bc6 {[%emt 0:00:01]} 41. Bg6 {[%emt 0:00:07]} Bb7
{[%emt 0:00:02]} 42. Bb1 {[%emt 0:00:06]} Bc6 {[%emt 0:00:02]} 43. h3 {[%emt 0:
00:03]} Bb7 {[%emt 0:00:01]} 44. Bc2 {[%emt 0:00:02]} Bc6 {[%emt 0:00:01]} 45.
Bd1 {[%emt 0:00:01]} Bb7 {[%emt 0:00:04]} 46. Kd3 {[%emt 0:00:02]} Bc6 {[%emt
0:00:07]} 47. Kc2 {[%emt 0:00:05]} Be8 {[%emt 0:00:07]} 48. Be2 {[%emt 0:00:04]
} Bg6+ {[%emt 0:00:02]} 49. Kd2 {[%emt 0:00:08]} Bb1 {[%emt 0:00:05]} 50. Bd1 {
[%emt 0:00:08]} Bg6 {[%emt 0:00:02]} 51. Be2 {[%emt 0:00:09]} Bh7 {[%emt 0:00:
02]} 52. Kc1 {[%emt 0:00:04]} d3 {[%emt 0:00:03]} 53. Bd1 {[%emt 0:00:01]} Kd4
{[%emt 0:00:00]} 54. Kd2 {[%emt 0:00:01]} Bg6 {[%emt 0:00:02]} 55. Ke1 {[%emt
0:00:15] .} Kc3 {[%emt 0:00:01]} 56. Kf2 {[%emt 0:00:10]} Kd2 {[%emt 0:00:02]}
57. b4 {[%emt 0:00:10]} cxb4 {[%emt 0:00:02]} 58. Ba4 {[%emt 0:00:02]} Kc1 {
[%emt 0:00:08]} 59. c5 {[%emt 0:00:02]} d2 {[%emt 0:00:01]} 60. c6 {[%emt 0:00:
04]} Be8 {[%emt 0:00:03]} 61. c7 {[%emt 0:00:02]} Bxa4 {[%emt 0:00:03]} 62.
c8=Q+ {[%emt 0:00:02]} Bc2 {[%emt 0:00:00]} 63. Qa6 {[%emt 0:00:16]} d1=Q {
[%emt 0:00:03]} 64. Qa1+ {[%emt 0:00:01]} Kd2 {[%emt 0:00:02]} 65. Qd4+ {[%emt
0:00:02]} Bd3 {[%emt 0:00:01]} 66. Qxb4+ {[%emt 0:00:02]} Kc1 {[%emt 0:00:02]}
67. Qa3+ {[%emt 0:00:05]} Kb1 {[%emt 0:00:01]} 68. Qb4+ {[%emt 0:00:05]} Ka2 {
[%emt 0:00:02]} 69. Qa5+ {[%emt 0:00:03]} Kb2 {[%emt 0:00:02]} 70. Qe5+ {[%emt
0:00:03]} Kc1 {[%emt 0:00:04]} 71. Qa1+ {[%emt 0:00:03]} Kd2 {[%emt 0:00:02]}
72. Qa5+ {[%emt 0:00:03]} Kc2 {[%emt 0:00:02]} 73. Qa4+ {[%emt 0:00:04]} Kc1 {
[%emt 0:00:01]} 74. Qa3+ {[%emt 0:00:04]} Kb1 {[%emt 0:00:01]} 75. Qb4+ {[%emt
0:00:01]} Ka2 {[%emt 0:00:01]} 76. Qa5+ {[%emt 0:00:02]} Kb2 {[%emt 0:00:01]}
77. Qe5+ {[%emt 0:00:02]} Ka2 {[%emt 0:00:03]} 78. Qa5+ {[%emt 0:00:02]}
1/2-1/2

[Event "T-Director's Swiss sytem"]
[Site "playchess.com #662980"]
[Date "2014.03.16"]
[Round "9"]
[White "MatildaAB"]
[Black "Muzio44"]
[Result "1-0"]
[WhiteElo "2069"]
[BlackElo "1778"]
[PlyCount "100"]
[EventDate "2014.03.16"]
[EventType "swiss (blitz)"]

1. e4 {[%emt 0:00:01]} c5 {[%emt 0:00:02]} 2. Nc3 {[%emt 0:00:01]} Nc6 {[%emt
0:00:05]} 3. f4 {[%emt 0:00:01]} e6 {[%emt 0:00:03]} 4. Nf3 {[%emt 0:00:03]} a6
{[%emt 0:00:01]} 5. g3 {[%emt 0:00:02]} b5 {[%emt 0:00:02]} 6. Bg2 {[%emt 0:00:
03]} d5 {[%emt 0:00:03]} 7. e5 {[%emt 0:00:06]} Nge7 {[%emt 0:00:10]} 8. d3 {
[%emt 0:00:04]} Nf5 {[%emt 0:00:01]} 9. Qe2 {[%emt 0:00:25]} Be7 {[%emt 0:00:
22]} 10. Bh3 {[%emt 0:00:13]} Nfd4 {[%emt 0:00:07]} 11. Nxd4 {[%emt 0:00:04]}
Nxd4 {[%emt 0:00:01]} 12. Qf2 {[%emt 0:00:01]} O-O {[%emt 0:00:09]} 13. O-O {
[%emt 0:00:03]} Bb7 {[%emt 0:00:04]} 14. Be3 {[%emt 0:00:04]} Nc6 {[%emt 0:00:
04]} 15. Bxc5 {[%emt 0:00:07]} Bxc5 {[%emt 0:00:13]} 16. Qxc5 {[%emt 0:00:00]}
Rc8 {[%emt 0:00:08]} 17. Qf2 {[%emt 0:00:04]} d4 {[%emt 0:00:05]} 18. Ne4 {
[%emt 0:00:02]} Nb4 {[%emt 0:00:03]} 19. Rfc1 {[%emt 0:00:16]} Bxe4 {[%emt 0:
00:02]} 20. dxe4 {[%emt 0:00:02]} d3 {[%emt 0:00:13]} 21. cxd3 {[%emt 0:00:12]}
Qxd3 {[%emt 0:00:02]} 22. Bg2 {[%emt 0:00:28]} Nc2 {[%emt 0:00:44]} 23. Rd1 {
[%emt 0:00:08]} Qe3 {[%emt 0:00:34]} 24. Rac1 {[%emt 0:00:10]} Qxf2+ {[%emt 0:
01:19]} 25. Kxf2 {[%emt 0:00:03]} Nb4 {[%emt 0:00:12]} 26. Rxc8 {[%emt 0:00:21]
} Rxc8 {[%emt 0:00:00]} 27. a3 {[%emt 0:00:04]} Nc6 {[%emt 0:00:35]} 28. Rc1 {
[%emt 0:00:02]} g6 {[%emt 0:00:02]} 29. Ke3 {[%emt 0:00:03]} Kf8 {[%emt 0:00:
03]} 30. f5 {[%emt 0:00:23]} exf5 {[%emt 0:00:12]} 31. exf5 {[%emt 0:00:02]}
Ne7 {[%emt 0:00:04]} 32. Rxc8+ {[%emt 0:00:02]} Nxc8 {[%emt 0:00:00]} 33. fxg6
{[%emt 0:00:03]} hxg6 {[%emt 0:00:03]} 34. Kd4 {[%emt 0:00:02]} Nb6 {[%emt 0:
00:10]} 35. b3 {[%emt 0:00:07]} Ke7 {[%emt 0:00:02]} 36. Bc6 {[%emt 0:00:08]}
Ke6 {[%emt 0:00:02]} 37. Kc5 {[%emt 0:00:09]} Nc8 {[%emt 0:00:02]} 38. Bd5+ {
[%emt 0:00:08]} Kxe5 {[%emt 0:00:01]} 39. Bxf7 {[%emt 0:00:02]} g5 {[%emt 0:00:
02]} 40. Kc6 {[%emt 0:00:07]} Nd6 {[%emt 0:00:03]} 41. Bg6 {[%emt 0:00:07]} a5
{[%emt 0:00:05]} 42. a4 {[%emt 0:00:06]} bxa4 {[%emt 0:00:02]} 43. bxa4 {[%emt
0:00:01]} Nc4 {[%emt 0:00:01]} 44. Kb5 {[%emt 0:00:03]} Kd4 {[%emt 0:00:01]}
45. h4 {[%emt 0:00:04]} Ne5 {[%emt 0:00:02]} 46. h5 {[%emt 0:00:04]} Ke3 {
[%emt 0:00:02]} 47. Be8 {[%emt 0:00:06]} Kf3 {[%emt 0:00:02]} 48. h6 {[%emt 0:
00:02]} Kxg3 {[%emt 0:00:01]} 49. h7 {[%emt 0:00:01]} Kf4 {[%emt 0:00:01]} 50.
h8=Q {[%emt 0:00:02]} g4 {[%emt 0:00:01] Muzio44 resigns} 1-0

[Event "T-Director's Swiss sytem"]
[Site "playchess.com #662980"]
[Date "2014.03.16"]
[Round "3"]
[White "MatildaAB"]
[Black "kakdela"]
[Result "0-1"]
[WhiteElo "2105"]
[BlackElo "2406"]
[PlyCount "70"]
[EventDate "2014.03.16"]
[EventType "swiss (blitz)"]

1. e4 {[%emt 0:00:02]} e6 {[%emt 0:00:01]} 2. d4 {[%emt 0:00:01]} d5 {[%emt 0:
00:01]} 3. Nc3 {[%emt 0:00:01]} Nf6 {[%emt 0:00:02]} 4. e5 {[%emt 0:00:01]}
Nfd7 {[%emt 0:00:02]} 5. f4 {[%emt 0:00:01]} c5 {[%emt 0:00:01]} 6. Nf3 {[%emt
0:00:01]} Nc6 {[%emt 0:00:01]} 7. Be3 {[%emt 0:00:01]} cxd4 {[%emt 0:00:01]} 8.
Nxd4 {[%emt 0:00:02]} Bc5 {[%emt 0:00:00]} 9. Qd2 {[%emt 0:00:01]} O-O {[%emt
0:00:01]} 10. O-O-O {[%emt 0:00:03]} a6 {[%emt 0:00:01]} 11. Qf2 {[%emt 0:00:
06]} Bxd4 {[%emt 0:00:01]} 12. Bxd4 {[%emt 0:00:01]} b5 {[%emt 0:00:00]} 13.
Bd3 {[%emt 0:00:06]} b4 {[%emt 0:00:04]} 14. Ne2 {[%emt 0:00:02]} a5 {[%emt 0:
00:09]} 15. Bb5 {[%emt 0:00:19]} Nxd4 {[%emt 0:00:24]} 16. Nxd4 {[%emt 0:00:02]
} Qc7 {[%emt 0:00:02]} 17. Bc6 {[%emt 0:00:13]} Rb8 {[%emt 0:00:11]} 18. Ba4 {
[%emt 0:00:04]} Nc5 {[%emt 0:00:05]} 19. Bb5 {[%emt 0:00:17]} a4 {[%emt 0:00:
05]} 20. Qe2 {[%emt 0:00:07]} b3 {[%emt 0:00:05]} 21. Kb1 {[%emt 0:00:08]}
bxa2+ {[%emt 0:00:03]} 22. Kxa2 {[%emt 0:00:04]} Qb6 {[%emt 0:00:02]} 23. Rb1 {
[%emt 0:00:17]} Ba6 {[%emt 0:00:10]} 24. Bxa6 {[%emt 0:00:04]} Nxa6 {[%emt 0:
00:01]} 25. c3 {[%emt 0:00:12]} Rfc8 {[%emt 0:00:06]} 26. f5 {[%emt 0:00:11]}
Rc4 {[%emt 0:00:08]} 27. Qd1 {[%emt 0:00:12]} Nc5 {[%emt 0:00:24]} 28. fxe6 {
[%emt 0:00:13]} fxe6 {[%emt 0:00:03]} 29. Rf1 {[%emt 0:00:10]} h6 {[%emt 0:00:
07]} 30. Qf3 {[%emt 0:00:05]} Kh8 {[%emt 0:00:10]} 31. Rf2 {[%emt 0:00:17]} Nb3
{[%emt 0:00:05]} 32. Nc2 {[%emt 0:00:28]} Nc1+ {[%emt 0:00:13]} 33. Ka1 {[%emt
0:00:01]} Qb3 {[%emt 0:00:09]} 34. Nb4 {[%emt 0:00:08]} Qa2+ {[%emt 0:00:20]}
35. Nxa2 {[%emt 0:00:03]} Nb3# {[%emt 0:00:00]} 0-1

[Event "T-Director's Swiss sytem"]
[Site "playchess.com #662980"]
[Date "2014.03.16"]
[Round "3"]
[White "Mehdi1783"]
[Black "Carokan"]
[Result "0-1"]
[WhiteElo "1507"]
[BlackElo "1839"]
[PlyCount "32"]
[EventDate "2014.03.16"]
[EventType "swiss (blitz)"]

1. d4 {[%emt 0:00:32]} Nf6 {[%emt 0:00:04]} 2. c4 {[%emt 0:00:04]} e6 {[%emt 0:
00:05]} 3. Nc3 {[%emt 0:00:03]} Bb4 {[%emt 0:00:04]} 4. Bg5 {[%emt 0:00:12]} c5
{[%emt 0:00:03]} 5. d5 {[%emt 0:00:11]} h6 {[%emt 0:00:06]} 6. Bf4 {[%emt 0:00:
07]} Ne4 {[%emt 0:00:04]} 7. Qc2 {[%emt 0:00:15]} Qf6 {[%emt 0:00:11]} 8. Bd2 {
[%emt 0:00:51]} Qxf2+ {[%emt 0:00:05]} 9. Kd1 {[%emt 0:00:07]} Qxf1+ {[%emt 0:
00:02]} 10. Be1 {[%emt 0:00:02]} Nf2+ {[%emt 0:00:25]} 11. Kd2 {[%emt 0:00:07]}
Nxh1 {[%emt 0:00:03]} 12. Nf3 {[%emt 0:00:05]} Qxg2 {[%emt 0:00:09]} 13. Bg3 {
[%emt 0:00:10]} Nxg3 {[%emt 0:00:02]} 14. hxg3 {[%emt 0:00:03]} Bxc3+ {[%emt 0:
00:07]} 15. Qxc3 {[%emt 0:00:04]} O-O {[%emt 0:00:01]} 16. Ne5 {[%emt 0:00:15]}
exd5 {[%emt 0:00:08] Mehdi1783 abandonne} 0-1

[Event "T-Director's Swiss sytem"]
[Site "playchess.com #662980"]
[Date "2014.03.16"]
[Round "7"]
[White "Mehdi1783"]
[Black "Nbm02"]
[Result "1-0"]
[WhiteElo "1516"]
[BlackElo "1569"]
[PlyCount "103"]
[EventDate "2014.03.16"]
[EventType "swiss (blitz)"]

1. d4 {[%emt 0:00:06]} Nf6 {[%emt 0:00:03]} 2. c4 {[%emt 0:00:02]} g6 {[%emt 0:
00:02]} 3. Nc3 {[%emt 0:00:02]} Bg7 {[%emt 0:00:01]} 4. e4 {[%emt 0:00:02]} d6
{[%emt 0:00:02]} 5. f3 {[%emt 0:00:01]} O-O {[%emt 0:00:02]} 6. Nge2 {[%emt 0:
00:02]} c5 {[%emt 0:00:04]} 7. d5 {[%emt 0:00:02]} Nbd7 {[%emt 0:00:03]} 8. Be3
{[%emt 0:00:02]} Ne5 {[%emt 0:00:02]} 9. Ng3 {[%emt 0:00:03]} a6 {[%emt 0:00:
04]} 10. a4 {[%emt 0:00:03]} b6 {[%emt 0:00:12]} 11. Qd2 {[%emt 0:00:03]} h5 {
[%emt 0:00:13]} 12. Be2 {[%emt 0:00:10]} h4 {[%emt 0:00:05]} 13. Nf1 {[%emt 0:
00:02]} Bd7 {[%emt 0:00:07]} 14. Bg5 {[%emt 0:00:03]} h3 {[%emt 0:00:12]} 15.
g4 {[%emt 0:00:05]} Nh7 {[%emt 0:00:10]} 16. Be3 {[%emt 0:00:05]} Qc8 {[%emt 0:
00:05]} 17. Ng3 {[%emt 0:00:04]} Rb8 {[%emt 0:00:08]} 18. O-O {[%emt 0:00:14]}
Qe8 {[%emt 0:00:15]} 19. Bh6 {[%emt 0:00:07]} b5 {[%emt 0:00:05]} 20. axb5 {
[%emt 0:00:03]} axb5 {[%emt 0:00:02]} 21. cxb5 {[%emt 0:00:01]} c4 {[%emt 0:00:
03]} 22. Bxg7 {[%emt 0:00:07]} Kxg7 {[%emt 0:00:03]} 23. Qd4 {[%emt 0:00:03]}
Nf6 {[%emt 0:00:07]} 24. g5 {[%emt 0:00:08]} Nh5 {[%emt 0:00:16]} 25. Nxh5+ {
[%emt 0:00:07]} gxh5 {[%emt 0:00:05]} 26. f4 {[%emt 0:00:02]} f6 {[%emt 0:00:
11]} 27. fxe5 {[%emt 0:00:03]} fxe5 {[%emt 0:00:06]} 28. Qxc4 {[%emt 0:00:09]}
Qg6 {[%emt 0:00:06]} 29. Rxf8 {[%emt 0:00:07]} Qxg5+ {[%emt 0:00:08]} 30. Kf1 {
[%emt 0:00:10]} Rxf8+ {[%emt 0:00:10]} 31. Ke1 {[%emt 0:00:11]} Qg1+ {[%emt 0:
00:04]} 32. Bf1 {[%emt 0:00:02]} Qxh2 {[%emt 0:00:15]} 33. Qe2 {[%emt 0:00:04]}
Qg3+ {[%emt 0:00:03]} 34. Kd2 {[%emt 0:00:02]} h2 {[%emt 0:00:08]} 35. Qxh5 {
[%emt 0:00:30]} Rf2+ {[%emt 0:00:19]} 36. Be2 {[%emt 0:00:14]} Bg4 {[%emt 0:00:
16]} 37. Qg5+ {[%emt 0:00:06]} Kf8 {[%emt 0:00:05]} 38. Qe3 {[%emt 0:00:10]}
Qg2 {[%emt 0:00:13]} 39. b6 {[%emt 0:01:04]} h1=Q {[%emt 0:00:21]} 40. Rxh1 {
[%emt 0:00:06]} Rxe2+ {[%emt 0:00:03]} 41. Nxe2 {[%emt 0:00:04]} Qxh1 {[%emt 0:
00:02]} 42. b7 {[%emt 0:00:06]} Qb1 {[%emt 0:00:09]} 43. b8=Q+ {[%emt 0:00:05]}
Kf7 {[%emt 0:00:05]} 44. Qf2+ {[%emt 0:00:07]} Kg7 {[%emt 0:00:16]} 45. Qbf8+ {
[%emt 0:00:07]} Kg6 {[%emt 0:00:06]} 46. Q2f7+ {[%emt 0:00:13]} Kg5 {[%emt 0:
00:06]} 47. Q8g7+ {[%emt 0:00:04]} Kh4 {[%emt 0:00:03]} 48. Qf2+ {[%emt 0:00:
07]} Kh5 {[%emt 0:00:08]} 49. Qh7+ {[%emt 0:00:10]} Kg5 {[%emt 0:00:07]} 50.
Qxe7+ {[%emt 0:00:04]} Kh5 {[%emt 0:00:11]} 51. Ng3+ {[%emt 0:00:04]} Kg6 {
[%emt 0:00:16]} 52. Qff6# {[%emt 0:00:05]} 1-0